000 00515nam a2200181Ia 4500
003 OSt
005 20260324145424.0
008 190216s9999||||xx |||||||||||||| ||und||
020 _a9788126412013
040 _coclc
082 _a833.914
_bJEL/V
100 _aJelinek, Elfriede
_96820
245 0 _aVismayakalangal Vichithrakalangal /
_cElfriede Jelinek
260 _bDc Books,
_aKottayam:
_c2006.
300 _a262p
650 _aNovel
942 _cBK
_2ddc
_h833.914
_iJEL/V
_k833.914
_mJEL/V
999 _c28519
_d28519